MARC details
| 000 -CABECERA |
| campo de control de longitud fija |
01972nam a22002897a 4500 |
| 008 - DATOS DE LONGITUD FIJA--INFORMACIÓN GENERAL |
| campo de control de longitud fija |
251008b |||||||| |||| 00| 0 eng d |
| 020 ## - NÚMERO INTERNACIONAL ESTÁNDAR DEL LIBRO |
| Número Internacional Estándar del Libro |
9780008722746 |
| 040 ## - FUENTE DE LA CATALOGACIÓN |
| Centro/agencia transcriptor |
tbs |
| 041 ## - CÓDIGO DE LENGUA |
| Código de lengua del texto/banda sonora o título independiente |
eng |
| 050 ## - SIGNATURA TOPOGRÁFICA DE LA BIBLIOTECA DEL CONGRESO |
| Número de clasificación |
PZ7.M2695 WAT 2025 |
| 100 ## - ENTRADA PRINCIPAL--NOMBRE DE PERSONA |
| Nombre de persona |
Mafi, Tahereh |
| 9 (RLIN) |
26067 |
| Término indicativo de función/relación |
author |
| 245 ## - MENCIÓN DE TÍTULO |
| Título |
Watch me |
| Resto del título |
: a shatter me novel |
| Mención de responsabilidad, etc. |
/ Tahereh Mafi. |
| 260 ## - PUBLICACIÓN, DISTRIBUCIÓN, ETC. |
| Lugar de publicación, distribución, etc. |
London : |
| Nombre del editor, distribuidor, etc. |
HarperCollins Publishers, |
| Fecha de publicación, distribución, etc. |
2025. |
| 300 ## - DESCRIPCIÓN FÍSICA |
| Extensión |
351 pages ; |
| Dimensiones |
22 cm. |
| 490 ## - MENCIÓN DE SERIE |
| Mención de serie |
Shatter me series. |
| Designación de volumen o secuencia |
New republic 1. |
| 520 ## - SUMARIO, ETC. |
| Sumario, etc. |
James Anderson had a plan. Or half of one. All that matters is that he managed to do what his older brother, the famous Aaron Warner Anderson, never did: infiltrate Ark Island, the last refuge of The Reestablishment. In the past decade no outsider has breached the stronghold of the authoritarian regime, but James is in. In a prison cell, sure, but as far as James is concerned, a win is a win. It's been ten years since the fall of The Reestablishment. Ten years since the notorious duo--Juliette Ferrars and Aaron Warner Anderson--led a worldwide rebellion and established the New Republic of the West. But after a decade of unsettling quiet, The Reestablishment is ready to make a devastating move, and they have the perfect person for the job. Rosabelle Wolff had a plan. She always has a plan. On Ark Island, where constant surveillance is packaged as security, even emotions must be experienced with caution. A trained assassin, her every movement is monitored by synthetic intelligence--and when she's given an order to kill, she never hesitates. |
| 650 #0 - PUNTO DE ACCESO ADICIONAL DE MATERIA--TÉRMINO DE MATERIA |
| Término de materia o nombre geográfico como elemento de entrada |
Government, Resistance to |
| Subdivisión de forma |
Fiction |
| 9 (RLIN) |
25943 |
| 650 #0 - PUNTO DE ACCESO ADICIONAL DE MATERIA--TÉRMINO DE MATERIA |
| Término de materia o nombre geográfico como elemento de entrada |
Revenge |
| Subdivisión de forma |
Fiction |
| 9 (RLIN) |
11490 |
| 650 #0 - PUNTO DE ACCESO ADICIONAL DE MATERIA--TÉRMINO DE MATERIA |
| Término de materia o nombre geográfico como elemento de entrada |
Assassins |
| Subdivisión de forma |
Fiction |
| 9 (RLIN) |
26068 |
| 650 #0 - PUNTO DE ACCESO ADICIONAL DE MATERIA--TÉRMINO DE MATERIA |
| Término de materia o nombre geográfico como elemento de entrada |
Authoritarianism |
| Subdivisión de forma |
Fiction |
| 9 (RLIN) |
26069 |
| 650 #0 - PUNTO DE ACCESO ADICIONAL DE MATERIA--TÉRMINO DE MATERIA |
| Término de materia o nombre geográfico como elemento de entrada |
Man-woman relationships |
| Subdivisión de forma |
Fiction |
| 9 (RLIN) |
11134 |
| 650 #0 - PUNTO DE ACCESO ADICIONAL DE MATERIA--TÉRMINO DE MATERIA |
| Término de materia o nombre geográfico como elemento de entrada |
Revolutions |
| Subdivisión de forma |
Fiction |
| 9 (RLIN) |
26070 |
| 650 #0 - PUNTO DE ACCESO ADICIONAL DE MATERIA--TÉRMINO DE MATERIA |
| Término de materia o nombre geográfico como elemento de entrada |
Dystopias |
| Subdivisión de forma |
Fiction |
| 9 (RLIN) |
24119 |
| 655 #0 - TÉRMINO DE INDIZACIÓN--GÉNERO/FORMA |
| Datos o término principal de género/forma |
Science fiction |
| 9 (RLIN) |
22728 |
| 655 #0 - TÉRMINO DE INDIZACIÓN--GÉNERO/FORMA |
| Datos o término principal de género/forma |
Dystopian fiction |
| 9 (RLIN) |
25624 |
| 942 ## - ELEMENTOS DE ENTRADA AGREGADA (KOHA) |
| Fuente del sistema de clasificación o colocación |
Clasificación de Library of Congress |